Solid Waste Management Challenges in Urban Areas of Ghana, A Case Study of Bawku Municipality
Esta investigacin̤ se condujo en el municipio de Bawku en Alta Ghana Oriental con el props̤ito de evaluar el sistema de gestin̤ de residuos sl̤idos all ̕y comprender los factores que impiden su eficiencia. Se presentaron cuestionarios a 150 hogares seleccionados aleatoriamente, mientras que se condu...
Saved in:
| 其他作者: | , , , |
|---|---|
| 格式: | 圖書 |
| 語言: | 英语 |
| 主題: | |
| 在線閱讀: | Solid Waste Management Challenges in Urban Areas of Ghana, A Case Study of Bawku Municipality |
| 標簽: |
添加標簽
沒有標簽, 成為第一個標記此記錄!
|
MARC
| LEADER | 00000nam a22000004a 4500 | ||
|---|---|---|---|
| 001 | vpro14643 | ||
| 005 | 20201223000000.0 | ||
| 008 | 190505s2019 ck # g## #001 0#eng#d | ||
| 020 | |a 2156-8359 (versin̤ impresa); 2156-8367 (versin̤ electrn̤ica) | ||
| 022 | |||
| 040 | |a CO-BoINGC | ||
| 041 | 0 | |a eng | |
| 245 | 1 | 0 | |a Solid Waste Management Challenges in Urban Areas of Ghana, A Case Study of Bawku Municipality |
| 246 | |a Retos de gestin̤ de residuos sl̤idos en r̀eas urbanas de Ghana: un caso de estudio del municipio de Bawku | ||
| 264 | |a Bogot ̀(Colombia) : |b Revista VirtualPRO, |c 2019 | ||
| 520 | 3 | |a Esta investigacin̤ se condujo en el municipio de Bawku en Alta Ghana Oriental con el props̤ito de evaluar el sistema de gestin̤ de residuos sl̤idos all ̕y comprender los factores que impiden su eficiencia. Se presentaron cuestionarios a 150 hogares seleccionados aleatoriamente, mientras que se condujeron entrevistas semiestructuradas en persona en el departamento de gestin̤ de residuos municipal y una compaą̕ privada en gestin̤ de residuos, Zoomlion Ghana Ltd. | |
| 650 | \ | \ | |a Proteccin̤ del medio ambiente |
| 650 | \ | \ | |a Contaminacin̤ |
| 650 | \ | \ | |a Environmental protection |
| 650 | \ | \ | |a Environmental pollution |
| 650 | \ | \ | |a Gestin̤ ambiental |
| 650 | \ | \ | |a Contaminacin̤ ambiental |
| 650 | \ | \ | |a Residuos sl̤idos |
| 650 | \ | \ | |a Gestin̤ de residuos sl̤idos |
| 650 | \ | \ | |a ℓreas urbanas |
| 650 | \ | \ | |a Pas̕es en va̕s de desarrollo |
| 650 | \ | \ | |a Ghana |
| 650 | \ | \ | |a Environmental management |
| 650 | \ | \ | |a Environmental pollution |
| 650 | \ | \ | |a Solid waste |
| 650 | \ | \ | |a Solid waste management |
| 650 | \ | \ | |a Urban areas |
| 650 | \ | \ | |a Developing countries |
| 650 | \ | \ | |a Ghana |
| 700 | \ | \ | |a Douti Nang Biyogue |
| 700 | \ | \ | |a Abanyie Samuel Kojo |
| 700 | \ | \ | |a Ampofo Steve |
| 700 | \ | \ | |a Scientific Research Publishing |
| 856 | |z Solid Waste Management Challenges in Urban Areas of Ghana, A Case Study of Bawku Municipality |u https://virtualpro.unach.elogim.com/biblioteca/retos-de-gestion-de-residuos-solidos-en-areas-urbanas-de-ghana-un-caso-de-estudio-del-municipio-de-bawku | ||